000 00679nam a2200229Ia 4500
003 OSt
005 20220926033855.0
006 a|||||r|||| 00| 0
007 ta
008 220923b |||||||| |||| 00| 0 eng d
037 _cGeneral Book
040 _aRTL
_cRTL
_beng
041 _2eng
_aeng
082 _aY7.4.N7, L3
100 _aBettany G T
245 0 _aInhabitants of Asia
_b The history of existing and extinct nations, Their ethnology, manners , and customs
260 _aVaranasi
_bIndological Book India
_c1973
300 _axi, 371p
_ccm.
650 _aRace
942 _hY7.4.N7, L3
_cGB
_2CC
999 _c658162
_d658162